| 000 | 00675cab a2200193 4500 | ||
|---|---|---|---|
| 001 | WB2803-36 | ||
| 008 | 090401t1991 xxu||||| |||| 00| 0 eng d | ||
| 035 | _a(Sirsi) u7488 | ||
| 041 | _aeng | ||
| 245 | _aLease or licence | ||
| 260 | _c1991 | ||
| 350 | _a0 | ||
| 490 |
_aEstates Gazette Case Summaries _v1991 EGCS 134 (11 January 1992) |
||
| 520 | _a"Shepherd`s Bush Housing Association v HATS Cooperative", CA 27 November 1991, which concerned the housing of homeless people in flats on licenses pending improvements to the property. | ||
| 650 | _aLEASE V LICENCE | ||
| 690 | _aLANDLORD AND TENANT-CASE LAW-RESIDENTIAL TENANCIES | ||
| 942 | _n0 | ||
| 948 | _c04/03/1997 | ||
| 999 |
_c4528 _d4528 |
||